LDR 00662naa#a2200169#i#450# 001 EN\\bibl\121499 005 20260429033821.3 011 ## _a1994-4683 100 ## _a20230531b2023####ek#y0engy0150####ca 102 ## _aRU 200 1# _aPROBLEMS OF ADAPTATION OF FOREIGN STUDENTS TO STUDYING IN RUSSIAN UNIVERSITIES (BY THE EXAMPLE OF UNIVERSITIES OF THE CHELYABINSK) _eJournal article 210 1# _aMoscow _cNational State University of Physical Education, Sports and Health named after P.F. Lesgaft _d2023 215 ## _a4 с. 608 ## _aJournal article _2local 675 ## _aГрупповые исследования. 159.9.072.43 _z 700 #1 _a _g 856 4# _auchzapiski.lesgaft.spb.ru _u